000 00815nam a2200253 i 4500
001 6993
003 ES-MaACL
005 20230906145134.0
007 t|
008 900720s1990 sp ||||1| spa d
020 _a84-404-6073-2
080 _a332.1(46)
245 0 3 _aLa banca española de los noventa /
_cÁlvaro Cuervo García ... [et al.] ; edición a cargo de Ana Isabel Fernández.
260 _aMadrid :
_bColegio de Economistas,
_c[1990]
300 _a375 p. ;
_c22 cm.
490 1 _aEconomistas libros
650 4 _aBancos-
_zEspaña-
_yS.XX.
_9167658
700 1 _aCuervo García, Alvaro.
_942024
700 1 _aFernández, Ana Isabel.
_949336
710 1 _aColegio de Economistas de Madrid.
_92904
830 1 _aEconomistas libros
_9177790
852 4 _aES-MaACL
_jL-14309
999 _c6993
_d6993